Factions jouables: Napoléon Total War - Statistiques

Statistiques générales
  • Ce quiz a été pris 132 fois
  • Le résultat moyen est 10 sur 11
Statistiques - réponses
Réponse % Correct
France
100%
Russie
100%
Royaume-Uni
99%
Autriche
97%
Espagne
97%
Prusse
97%
Empire Ottoman
89%
Portugal
87%
Suède
86%
Danemark
73%
Pays-Bas
63%
Aucun quiz correspondant
Distribution des résultats
% des personnes avec chaque résultat
Percentile par nombre de réponses
Votre historique - résultats
Vous n’avez pas pris ce quiz